| 000 | 00371nam a2200145Ia 4500 | ||
|---|---|---|---|
| 008 | 221030s9999 xx 000 0 und d | ||
| 020 | _a8131707951 | ||
| 041 | _aEnglish | ||
| 100 | _aA. P. Mathur | ||
| 245 | 0 |
_aFoundations of Software Testing _cby A. P. Mathur |
|
| 260 |
_bPearson Edcuation _aNew Delhi _c2010 |
||
| 300 | _a689 | ||
| 650 | _aBE Computer | ||
| 942 | _cBK | ||
| 999 |
_c16125 _d16125 |
||